Plan de desarrollo ecónomico y social de Costa Rica.Parte I Programa General /
Saved in:
| Main Author: | |
|---|---|
| Format: | Text |
| Subjects: | |
| Tags: |
Add Tag
No Tags, Be the first to tag this record!
|
MARC
| LEADER | 00000 a a2200000 04500 | ||
|---|---|---|---|
| 001 | 44641 | ||
| 003 | |||
| 040 | |||
| 100 | |a Costa Rica. Presidencia de la República. Oficina de Planificación Nacional | ||
| 245 | |a Plan de desarrollo ecónomico y social de Costa Rica.Parte I Programa General / |c Costa Rica. Presidencia de la República. Oficina de Planificación Nacional | ||
| 650 | |a ECONOMIA | ||
| 650 | |a COSTA RICA | ||
| 650 | |a PLAN DE DESARROLLO | ||
| 650 | |a POLITICA ECONOMICA | ||
| 650 | |a EXPORTACIONES | ||
| 650 | |a IMPORTACIONES | ||
| 650 | |a INVERSION PUBLICA | ||
| 650 | |a PRODUCCION | ||
| 773 | |g número1 (1965), 126 páginas | ||
| 999 | |c 25842 |d 25842 | ||
